'C' Sorting Gallery Quiz Stats

 Plays Quiz Updated May 29, 2018

Challenge
Share
Tweet
Embed
Score 0/55 Timer 04:00
3 Plays Today
% Correct
Calcium
95.3%
Cavaliers
94.2%
Curium
94.1%
Cadmium
94%
Cowboys
93.7%
Cardinals
93.4%
Celtics
93.3%
Copper
93%
Cerium
92.5%
Cuba
92.2%
Carbon
92.1%
Cairo
91.5%
Chile
91.4%
Cobalt
91.1%
Chiefs
91%
Croatia
91%
Clippers
90.6%
Colts
90.1%
Copernicium
89.7%
Clinton
88.9%
Chad
87.9%
Cyprus
87.9%
Coyotes
87.8%
Canadiens
87.2%
Carter
86.9%
Californium
86.6%
Copenhagen
86.4%
Cancer
85.2%
% Correct
Capricorn
84.4%
Coolidge
84.4%
Capitals
83.7%
Charizard
83.7%
Cinderella
83.4%
Charmander
82.8%
Canberra
81.3%
Chelsea
81.1%
Cabaret
79.9%
Cardiff City
79.8%
Caracas
79.6%
Cleveland
79.6%
Charmeleon
79.4%
Coventry City
79.4%
Charlton Athletic
77.7%
Clefairy
74.7%
Caterpie
73.7%
Clefable
67%
Crystal Palace
64.1%
Chansey
62.6%
Comoros
62.1%
Cubone
59.5%
Chisinau
58.7%
Company
48.6%
Conakry
47.2%
Castries
38.3%
Contact
32.2%

You're not logged in!

Compare scores with friends on all Sporcle quizzes.
OR
Log In

You Might Also Like...

Show Comments

Extras

Top Quizzes Today


Score Distribution

Your Account Isn't Verified!

In order to create a playlist on Sporcle, you need to verify the email address you used during registration. Go to your Sporcle Settings to finish the process.

Report this User

Report this user for behavior that violates our Community Guidelines.

Details: